| 000 | 00604nam a2200229Ia 4500 | ||
|---|---|---|---|
| 003 | OSt | ||
| 005 | 20220916111034.0 | ||
| 006 | a|||||r|||| 00| 0 | ||
| 007 | ta | ||
| 008 | 220915b |||||||| |||| 00| 0 eng d | ||
| 024 | _a125293 | ||
| 037 | _cTextbook | ||
| 040 |
_beng _aARTS _cARTS |
||
| 041 | _aeng | ||
| 082 | _aV653:24:N5, 122J8(906) | ||
| 100 | _aBlanchet Andre | ||
| 245 | 0 | _aItineraire des partis Africains depuis Bamako | |
| 260 |
_aNA _bNA |
||
| 650 | _aHISTORY | ||
| 942 |
_hV653:24:N5, 122J8(906) _cTB _2CC |
||
| 999 |
_c104194 _d104194 |
||